Quizz sur la culture bretonne - Statistiques

Statistiques générales
  • Ce quiz a été pris 237 fois
  • Le résultat moyen est 7 sur 13
Statistiques - réponses
Hint Réponse % Correct
Quelle est la capitale de la région Bretagne ? Rennes
96%
Quelle langue régionale y est traditionnellement parlée à l'ouest de la Bretagne ? Breton
94%
Quelle est la mer qui borde le nord de la Bretagne ? Manche
94%
Combien de départements compte la région historiquement ? 5
81%
Quel est le nom du fameux gâteau breton au beurre salé ? Kouign-amann
76%
Quel festival de musique celtique a lieu chaque été à Lorient ? Festival Interceltique
56%
Quel instrument est très présent dans la musique bretonne, proche de la cornemuse ? Biniou
54%
Quel est le nom du drapeau breton (en noir et blanc) ? Gwenn ha du
47%
Quel est le nom du golfe situé entre Vannes et la presqu'île de Rhuys ? Golfe du Morbihan
43%
Comment s'appelle le petit bonnet blanc porté traditionnellement par les femmes ? Coiffe
38%
Quelle mer borde la Pointe du Raz et l’île d’Ouessant ? Mer d'iroise
22%
Dans quel massif se trouve le point culminant de la Bretagne ? Monts d'Arrée
20%
Comment s'appelle la côte, connue pour la couleur de ses rochers ? Côte du granit rose
1%
Aucun quiz correspondant
Distribution des résultats
% des personnes avec chaque résultat
Percentile par nombre de réponses
Votre historique - résultats
Vous n’avez pas pris ce quiz